000 00599nam a22002177a 4500
003 UA-OsUOA
001 66194
007 ta
008 20091223b un ||||| |||| 00| 0 ukr d
090 _a821.161.2
_bВ54
942 _cBK
040 _aUA-OsUOA
_bukr
_cUA-OsUOA
_dUA-OsUOA
245 _aВитоки
_bПоезія. Проза. Літературознавство
300 _a156 с.
955 _a3
041 _aukr
080 _a821.161.2
260 _aОстрог
_bНаУОА
_c2006
650 7 _a82 Література. Літературознавство
_2UDC
999 _c352034
_d352034